| 000 | 00651nam a22002411a 4500 | ||
|---|---|---|---|
| 999 |
_c6714 _d6714 |
||
| 001 | 6714 | ||
| 003 | BD-JhCC | ||
| 005 | 20180130173949.0 | ||
| 008 | 180128s1971 bg a|||| ||a| 000 0 ben d | ||
| 020 | _a0471631558 | ||
| 035 | _a(BD-JhCC)6714 | ||
| 040 |
_aBD-JhCC _dBD-JhCC |
||
| 041 | _aeng | ||
| 082 |
_a574.08 _bBIO 1971 |
||
| 245 |
_aBiologic Readings for Today's Students / _cedited by Gideon E. Nelson; James D. Ray, Jr. |
||
| 260 |
_aLondon : _bJohn Wiley & Sons Inc, _c1971. |
||
| 300 |
_a388 p. : _c25 cm. |
||
| 650 | _aBiology | ||
| 700 | _aJr., James D. Ray, | ||
| 700 | _aNelson, Gideon E. | ||
| 942 |
_2ddc _cBK |
||